| 000 | 00668nam a2200289Ia 4500 | ||
|---|---|---|---|
| 008 | 210210b2012 xxu||||| |||| 00| 0 eng d | ||
| 020 | _a9780198078555 | ||
| 041 | _aeng | ||
| 082 | _a330.0954 BASN | ||
| 100 | _aBASU (Kaushik) | ||
| 245 | _aNew Oxford companion to economics in India V I A-H | ||
| 260 |
_aNew Delhi _bOxford University Press _c2012 |
||
| 300 | _axvi, 357 | ||
| 650 | _aV | ||
| 650 | _ato | ||
| 650 | _aoxford | ||
| 650 | _aNew | ||
| 650 | _aIndia | ||
| 650 | _ain | ||
| 650 | _aI | ||
| 650 | _aeconomics | ||
| 650 | _acompanion | ||
| 650 | _aA-H | ||
| 690 | _aEconomics | ||
| 700 | _aMAERTENS (Annemie) Ed | ||
| 906 | _a067984 | ||
| 999 |
_c152276 _d152276 |
||